001910000a220007300045001000018000002450044000183000043000627730012001051 aSearle, David10aEphesians 6:12 : The powers of darkness aVol. 15, Núm 1 (1997), Páginas 2-60 tEvangel